000 00701nas a2200241 4500
001 BR0500410
003 BR-BrBNA
005 20231205105143.0
007 ta
008 230509b bl.|||p| |||| 00| 00por d
040 _aBR-BrBNA
_bpor
_cBiblioteca Nacional de Agricultura
041 _a(Pt)
072 _aE10; E21
100 1 _aFerrari, L.
245 1 _aExportações de US$ 14 bilhões
650 _aINDÚSTRIA ALIMENTÍCIA
650 _aEXPORTAÇÃO
650 _aBALANÇA COMERCIAL
650 _aDADOS ESTATÍSTICOS
773 0 _tConjuntura Econômica (Brazil)
_xISSN 0010-5945
_g(Sep 2004), v. 58(9) p. 90
_wBR0500410
909 _a202311
_bLúcia
_c55
_dLúcia Elande
942 _2AGRIS
_n0
_cANA
999 _c181509
_d181509